牝馬三冠馬 - Statistics

General Stats
  • This quiz has been taken 41 times
  • The average score is 6 of 7
Answer Stats
達成順 騎手 馬名 % Correct
5 2018年 クリストフ・ルメール アーモンドアイ
94%
4 2012年 岩田康誠 川田将雅 ジェンティルドンナ
91%
1 1986年 河内洋 メジロラモーヌ
85%
3 2010年 蛯名正義 アパパネ
82%
6 2020年 松山弘平 デアリングタクト
82%
7 2023年 川田将雅 リバティアイランド
79%
2 2003年 幸英明 スティルインラブ
73%
No matching quizzes found
Score Distribution
Percent of People with Each Score
Percentile by Number Answered
Your Score History
You have not taken this quiz